Statistics for Canadian Trivia - eh?

Click here to take the quiz!

General Stats

  • This quiz has been taken 30 times
  • The average score is 8 of 15

Answer Stats

HintAnswer% Correct
What city hosts North America's largest single day parade?Toronto
97%
How many time zones does Canada have?6
90%
What Canadian city is considered the 'Hollywood of the North'?Vancouver
83%
What North American city is home to the largest indoor shopping mall?Edmonton
76%
Which city has the most restaurants per capita?Montreal
76%
What city is home to North America's first YMCA?Montreal
76%
How many points does the maple leaf on the Canadian flag have?11
72%
What city ranks as the most educated?Ottawa
69%
What Canadian food chain first opened in Hamilton in 1964Tim Hortons
69%
What is Canada's national sport? There are actually 2!Hockey and Lacrosse
34%
Only one Province / Territory is officially bilingual? Can you name it?New Brunswick
34%
Where is Canada's most visited national historic site?Halifax
31%
Can you name the above parade?Caribana
7%
What is the most purchased grocery item in Canada?Kraft Dinner
3%
What is Canada's oldest city?St Johns, Newfoundland
0%

Score Distribution

Percentile by Number Answered

Percent of People with Each Score

Your Score History

You have not taken this quiz